Introduction to Geographic Information Systems (Record no. 23800)
[ view plain ]
| 000 -LEADER | |
|---|---|
| fixed length control field | 00381nam a22001217a 4500 |
| 008 - FIXED-LENGTH DATA ELEMENTS--GENERAL INFORMATION | |
| fixed length control field | 140124b xxu||||| |||| 00| 0 eng d |
| 010 ## - LIBRARY OF CONGRESS CONTROL NUMBER | |
| LC control number | 20005001288 |
| 020 ## - INTERNATIONAL STANDARD BOOK NUMBER | |
| International Standard Book Number | 0070606293 |
| Terms of availability | Available |
| 082 ## - DEWEY DECIMAL CLASSIFICATION NUMBER | |
| Edition number | Third Ed |
| Classification number | 910.285CHA |
| Author Mark | 000424 |
| 100 ## - MAIN ENTRY--PERSONAL NAME | |
| Miscellaneous information | PB,432p |
| 245 ## - TITLE STATEMENT | |
| Title | Introduction to Geographic Information Systems |
| Statement of responsibility, etc. | Chang, Kang Tsung |
| Medium | English |
| 260 ## - PUBLICATION, DISTRIBUTION, ETC. | |
| Place of publication, distribution, etc. | New York |
| Name of publisher, distributor, etc. | Tata McGraw-Hill |
| Date of publication, distribution, etc. | 2006 |
| Withdrawn status | Lost status | Source of classification or shelving scheme | Damaged status | Not for loan | Permanent Location | Current Location | Shelving location | Date acquired | Full call number | Barcode | Date last seen | Price effective from | Koha item type |
|---|---|---|---|---|---|---|---|---|---|---|---|---|---|
| NUST Baluchistan Campus (NBC) | NUST Baluchistan Campus (NBC) | General Stacks | 01/24/2014 | 910.285CHA | RCMS000424 | 01/24/2014 | 01/24/2014 | Book |
